Business Marketing (Record no. 5970)

MARC details
000 -LEADER
fixed length control field 00301nam a2200133Ia 4500
008 - FIXED-LENGTH DATA ELEMENTS--GENERAL INFORMATION
fixed length control field 191201s2014 xx 000 0 und d
100 ## - MAIN ENTRY--PERSONAL NAME
Personal name HAVALDAR, Krishna K
245 #0 - TITLE STATEMENT
Title Business Marketing
250 ## - EDITION STATEMENT
Edition statement 4th
260 ## - PUBLICATION, DISTRIBUTION, ETC. (IMPRINT)
Place of publication, distribution, etc New Delhi
Name of publisher, distributor, etc TMH
Date of publication, distribution, etc 2014
300 ## - PHYSICAL DESCRIPTION
Extent 607
650 ## - SUBJECT ADDED ENTRY--TOPICAL TERM
Topical term or geographic name as entry element BBA
942 ## - ADDED ENTRY ELEMENTS (KOHA)
Source of classification or shelving scheme Dewey Decimal Classification
Koha item type Text Books
942 ## - ADDED ENTRY ELEMENTS (KOHA)
-- 3
Holdings
Withdrawn status Lost status Source of classification or shelving scheme Damaged status Not for loan Collection code Home library Current library Date acquired Source of acquisition Cost, normal purchase price Bill Number Total Checkouts Full call number Acc. no. / Barcode Date last seen Actual Cost, discounted price Bill Date Koha item type Date last borrowed Public note
    Dewey Decimal Classification     BBA PIET C-LIBRARY PIET C-LIBRARY 28/07/2014 Orange Books International 295.00 4542   658.8 HAB 24654 04/12/2019 206.50 23/07/2014 Text Books    
    Dewey Decimal Classification     BBA PIET C-LIBRARY PIET C-LIBRARY 28/07/2014 Orange Books International 295.00 4542   658.8 HAB 24655 04/12/2019 206.50 23/07/2014 Text Books    
    Dewey Decimal Classification     BBA PIET C-LIBRARY PIET C-LIBRARY 28/07/2014 Orange Books International 295.00 4542 2 658.8 HAB 24656 08/02/2025 206.50 23/07/2014 Text Books 13/01/2024  
    Dewey Decimal Classification     BBA PIET C-LIBRARY PIET C-LIBRARY 28/07/2014 Orange Books International 295.00 4542 2 658.8 HAB 24657 13/02/2023 206.50 23/07/2014 Text Books 11/11/2022 .
    Dewey Decimal Classification     BBA PIET C-LIBRARY PIET C-LIBRARY 28/07/2014 Orange Books International 295.00 4542 1 658.8 HAB 24658 08/12/2023 206.50 23/07/2014 Text Books 20/01/2022  

Design & Developed by: PIET Central Library
R70 Miles Stone Pattikalyana Samalkha Panipat 132102
mail ID :- [email protected], Phone No:- 0180-2569700 Ex.216